000 00684nam a2200229Ia 4500
003 OSt
005 20220928140758.0
006 a|||||r|||| 00| 0
007 ta
008 220927b |||||||| |||| 00| 0 eng d
024 _a11815
037 _cTextual
040 _aSDCL
_cSDCL
_beng
041 _2eng
_aeng
082 _aO-,3M85,4:g, M5
100 _aSattelmeyer Robert Ed.
_9497610
245 0 _aOne hundred years of huckleberry finn
_bThe boy,his book,and American culture.
260 _c1985
700 _a Crowley J Donald Ed.
_9497611
942 _hO-,3M85,4:g, M5
_cTEXL
_2CC
999 _c814233
_d814233